Largest Islands in Ireland - Statistics

General Stats
  • This quiz has been taken 25 times
  • The average score is 9 of 36
Answer Stats
County Size (km2) Answer % Correct
Galway 31 Inishmore
74%
Mayo 143 Achill Island
68%
Donegal 18 Arranmore
68%
84,421 Ireland
58%
Kerry 26 Valentia Island
58%
Cork 25 Great Island
47%
Antrim 14 Rathlin Island
47%
Donegal 3 Tory Island
42%
Galway 6 Inisheer
37%
Cork 6 Cape Clear Island
32%
Mayo 16 Clare Island
32%
Kerry 4 Great Blasket Island
32%
Galway 9 Inishmaan
32%
Cork 18 Bere Island
26%
Mayo 6 Inishturk
26%
Dublin 2 Lambay
26%
Galway 9 Lettermore
21%
Cork 5 Sherkin Island
21%
Galway 24 Gorumna
16%
Galway 2 Inishark
16%
Galway 13 Inishbofin
16%
Cork 6 Dursey Island
11%
Cork 3 Fota Island
11%
Donegal 14 Inch Island
11%
Cork 4 Whiddy Island
11%
Dublin 3 Bull Island
5%
Donegal 4 Cruit Island
5%
Mayo 3 Inishbiggle
5%
Galway 3 Lettermullen
5%
Galway 2 Omey Island
5%
Mayo 3 Annagh Island
0%
Limerick 4 Aughinish
0%
Donegal 2 Inishfree Upper
0%
Galway 3 Inishnee
0%
Galway 2 Mweenish Island
0%
Cork 4 Ringarogy Island
0%
No matching quizzes found
Score Distribution
Percent of People with Each Score
Percentile by Number Answered
Your Score History
You have not taken this quiz